000
00221 a2200097 4500
001
13632
100
_a
Suleman S M
245
_a
Alexander the Great
260
_a
London
_b
Weidom Feld & Nicholson
_c
090
_c
10626
_d
10626
942
_a
NUST-CAE
_c
M
_c
699
999
_c
248705
_d
248705